000 00683nam a2200289Ia 4500
005 20260324111439.0
008 008 260324s9999 xx 000 0 eng d
020 _a9781003546108
037 _aEBOOK
040 _aCRL
040 _beng
040 _cCRL
041 _2eng
041 _aeng
084 _qCRL
100 _aPaul Lawrence
_91138601
245 4 _aThe Wise Team Coach
245 0 _bCrafting A Personal Approach To Team Coaching
260 _bTaylor and Francis
260 _c2025
365 _a
365 _b220
856 _uhttp://www.taylorfrancis.com/books/9781003546108
942 _cEBOOK
999 _c1727428
_d1727428